Bodies in flux. Ovid's Metamorphoses
| Main Author: | |
|---|---|
| Format: | Print Article |
| Language: | English |
| Check availability: | HBZ Gateway |
| Interlibrary Loan: | Interlibrary Loan for the Fachinformationsdienste (Specialized Information Services in Germany) |
| Published: |
1998
|
| In: |
Changing bodies, changing meanings
Year: 1998, Pages: 80-96 |
| Further subjects: | B
Anthropology
B Ovidius Naso, Publius (43 BC-17) |
MARC
| LEADER | 00000caa a22000002c 4500 | ||
|---|---|---|---|
| 001 | 1589105486 | ||
| 003 | DE-627 | ||
| 005 | 20250320082939.0 | ||
| 007 | tu | ||
| 008 | 190311s1998 xx ||||| 00| ||eng c | ||
| 020 | |a 0415135842 | ||
| 035 | |a (DE-627)1589105486 | ||
| 035 | |a (DE-576)519105486 | ||
| 035 | |a (DE-599)BSZ519105486 | ||
| 040 | |a DE-627 |b ger |c DE-627 |e rakwb | ||
| 041 | |a eng | ||
| 084 | |a 1 |2 ssgn | ||
| 100 | 1 | |0 (DE-588)135594367 |0 (DE-627)568588037 |0 (DE-576)300534361 |4 aut |a Murray, Penelope |d 1948- | |
| 109 | |a Murray, Penelope 1948- | ||
| 245 | 1 | 0 | |a Bodies in flux. Ovid's Metamorphoses |
| 264 | 1 | |c 1998 | |
| 336 | |a Text |b txt |2 rdacontent | ||
| 337 | |a ohne Hilfsmittel zu benutzen |b n |2 rdamedia | ||
| 338 | |a Band |b nc |2 rdacarrier | ||
| 600 | 1 | 7 | |0 (DE-588)118590995 |0 (DE-627)133851699 |0 (DE-576)162461623 |a Ovidius Naso, Publius |d v43-17 |2 gnd |
| 601 | |a Metamorphose | ||
| 650 | 0 | 7 | |0 (DE-588)4002230-4 |0 (DE-627)10639410X |0 (DE-576)208846212 |a Anthropologie |2 gnd |
| 773 | 0 | 8 | |i In |t Changing bodies, changing meanings |b 1. publ. |d London [u.a.] : Routledge, 1998 |g (1998), Seite 80-96 |h XVI, 234 S. |w (DE-627)280244258 |w (DE-576)060125187 |z 0415135842 |7 nnam |
| 773 | 1 | 8 | |g year:1998 |g pages:80-96 |
| 935 | |a BIIN | ||
| 951 | |a AR | ||
| BIB | |a 1 | ||
| ELC | |b 1 | ||
| LOK | |0 000 xxxxxcx a22 zn 4500 | ||
| LOK | |0 001 3058832192 | ||
| LOK | |0 003 DE-627 | ||
| LOK | |0 004 1589105486 | ||
| LOK | |0 005 20190311194513 | ||
| LOK | |0 008 190311||||||||||||||||ger||||||| | ||
| LOK | |0 035 |a (DE-Tue135-1)98600 | ||
| LOK | |0 040 |a DE-Tue135-1 |c DE-627 |d DE-Tue135-1 | ||
| LOK | |0 852 |a DE-Tue135-1 | ||
| LOK | |0 852 1 |c FTHAT040739/MYP |m p |9 00 | ||
| LOK | |0 852 2 |b 12/3 |9 00 | ||
| LOK | |0 935 |a iSWA | ||
| LOK | |0 938 |k p | ||
| LOK | |0 939 |a 11-03-19 |b l12 | ||
| ORI | |a SA-MARC-ixtheoa001.raw | ||
| STA | 0 | 0 | |a Anthropology |
| STB | 0 | 0 | |a Anthropologie |
| STC | 0 | 0 | |a Antropología |
| STD | 0 | 0 | |a Antropologia |
| STE | 0 | 0 | |a 人类学 |
| STF | 0 | 0 | |a 人類學 |
| STG | 0 | 0 | |a Antropologia |
| STH | 0 | 0 | |a Антропология |
| STI | 0 | 0 | |a Ανθρωπολογία |
| SUB | |a BIB | ||
| SYA | 0 | 0 | |a Nason, P. Ovidio,v43-17,Ovidius,Puellarum,v43-17,Ovidij,v43-17,Ovid, Publius Naso,v43-17,Ovidio Nasone, P.,v43-17,Ovidius, Publius-Naso,v43-17,Ovidius Naso, Publius,Pelignensis,v43-17,Ovidius Naso, Publius,v43-17,Ovidius Nazo, Publius,v43-17,Ovidius Nazoo, Publius,v43-17,Ovidius Naso, Pub.,v43-17,Ovidius Naso, P.,v43-17,Ovidi Nasó, Publi,v43-17,Nasão, Públio Ovídio,v43-17,Ovideo,v43-17,Ovid Naso, Publius,v43-17,Ovide,Naso,v43-17,Ovide Grand-Nez, Publius,v43-17,Nasone, Publio Ovidio,v43-17,Ovidi Nasonis, P.,v43-17,Ovidij, Naso,v43-17,Ovidiu,v43-17,Ovyde,v43-17,Ovidius Naso, Publ.,v43-17,Ovidij Nazon, Publij,v43-17,Ovídio,v43-17,Pseudo Ovid,v43-17,Owidiusz Naso, Publiusz,v43-17,Naso, Publiusz Owidiusz,v43-17,Owidiusz,Naso,v43-17,Owidiusz,v43-17,Ovidij, Publij Nazon,v43-17,Ovidius Naso,Pelignensis,v43-17,Naso, Publius,v43-17,Ovidius,Naso,v43-17,Ovidius, Publius,v43-17,Ovide,v43-17,Ovidius,Poeta,v43-17,Ovide,Poète,v43-17,Ovide,de Sulmone,v43-17,Ovidio Nasone, Publio,v43-17,Ovid, Publius N.,v43-17,Ovidius Naso,v43-17,Ovidius Nasoo, Publius,v43-17,Ovidij Naso, Publij,v43-17,Naso, Publij O.,v43-17,Owidyusz Nason, Publius,v43-17,Obidios,v43-17,Naso, Publius O.,v43-17,Ovidio Nasón, Publio,v43-17,P.O.N.,v43-17,Publius,Ovidius Naso,v43-17,Ovidii Nasonis, P.,v43-17,Ovid,v43-17,Naso, Publius Ovidius,v43-17,Ovidio,v43-17,Ovidius,v43-17,Nasone, Ovidio,v43-17,Nason, Publio Ovidio,v43-17 |
| SYE | 0 | 0 | |a Anthropology,Anthropometrie,Menschenkunde,Menschenkunde |